<?xml version="1.0" encoding="UTF-8"?>
<record
    xmlns:xsi="http://www.w3.org/2001/XMLSchema-instance"
    xsi:schemaLocation="http://www.loc.gov/MARC21/slim http://www.loc.gov/standards/marcxml/schema/MARC21slim.xsd"
    xmlns="http://www.loc.gov/MARC21/slim">

  <leader>00716nam a2200217Ia 4500</leader>
  <controlfield tag="003">OSt</controlfield>
  <controlfield tag="005">20250625165154.0</controlfield>
  <controlfield tag="008">210719s2019    xx            000 0 und d</controlfield>
  <datafield tag="040" ind1=" " ind2=" ">
    <subfield code="c">AL</subfield>
  </datafield>
  <datafield tag="041" ind1=" " ind2=" ">
    <subfield code="a">Tulu</subfield>
  </datafield>
  <datafield tag="082" ind1=" " ind2=" ">
    <subfield code="a">T894.4 NAVP</subfield>
  </datafield>
  <datafield tag="100" ind1=" " ind2=" ">
    <subfield code="a">NAVEEN SUVARNA PADRE</subfield>
    <subfield code="d">&#xCA8;&#xCB5;&#xCC0;&#xCA8;&#xCCD; &#xCB8;&#xCC1;&#xCB5;&#xCB0;&#xCCD;&#xCA3; &#xCAA;&#xCA1;&#xCCD;&#xCB0;&#xCC6;</subfield>
    <subfield code="9">216155</subfield>
  </datafield>
  <datafield tag="245" ind1=" " ind2=" ">
    <subfield code="a">Patimani katimani: madu madipu nudikat</subfield>
    <subfield code="b">&#xCAA;&#xCA4;&#xCBF;&#xCAE;&#xCBE;&#xCA8;&#xCBF; - &#xC95;&#xC9F;&#xCBF; &#xCAE;&#xCBE;&#xCA8;&#xCBF;: &#xCAE;&#xCA6;&#xCC1; &#xCAE;&#xCA6;&#xCBF;&#xCAA;&#xCC1; &#xCA8;&#xCC1;&#xCA1;&#xCBF;&#xC95;&#xC9F;&#xCCD;</subfield>
  </datafield>
  <datafield tag="260" ind1=" " ind2=" ">
    <subfield code="a">Suratkal</subfield>
    <subfield code="c">2019</subfield>
  </datafield>
  <datafield tag="300" ind1=" " ind2=" ">
    <subfield code="a">xvi,91</subfield>
    <subfield code="b">PB</subfield>
  </datafield>
  <datafield tag="365" ind1=" " ind2=" ">
    <subfield code="b">120</subfield>
    <subfield code="c">Rs</subfield>
  </datafield>
  <datafield tag="650" ind1=" " ind2=" ">
    <subfield code="a">Tulu Literature</subfield>
    <subfield code="9">216156</subfield>
  </datafield>
  <datafield tag="650" ind1=" " ind2=" ">
    <subfield code="a">Tulu Prose</subfield>
    <subfield code="9">216157</subfield>
  </datafield>
  <datafield tag="906" ind1=" " ind2=" ">
    <subfield code="a">katimani: ; madipu ; madu ; nudikat ; Patimani</subfield>
  </datafield>
  <datafield tag="942" ind1=" " ind2=" ">
    <subfield code="2">ddc</subfield>
    <subfield code="c">BK</subfield>
  </datafield>
  <datafield tag="999" ind1=" " ind2=" ">
    <subfield code="c">211845</subfield>
    <subfield code="d">211845</subfield>
  </datafield>
  <datafield tag="952" ind1=" " ind2=" ">
    <subfield code="0">0</subfield>
    <subfield code="1">0</subfield>
    <subfield code="4">0</subfield>
    <subfield code="7">0</subfield>
    <subfield code="8">Tulu</subfield>
    <subfield code="a">AL</subfield>
    <subfield code="b">AL</subfield>
    <subfield code="d">2021-02-24</subfield>
    <subfield code="e">Navakarnataka Publication Pvt Ltd., Mangalore | General Annual</subfield>
    <subfield code="g">120.00</subfield>
    <subfield code="l">4</subfield>
    <subfield code="m">1</subfield>
    <subfield code="o">T894.4 NAVP</subfield>
    <subfield code="p">074659</subfield>
    <subfield code="q">2026-08-28</subfield>
    <subfield code="r">2026-04-30 11:04:21</subfield>
    <subfield code="s">2026-04-30</subfield>
    <subfield code="v">96.00</subfield>
    <subfield code="w">2021-07-19</subfield>
    <subfield code="y">BK</subfield>
  </datafield>
</record>
